Westminster Building Co Ltd v Andrew Beckingham (Record no. 117721)
[ view plain ]
| 000 -LEADER | |
|---|---|
| fixed length control field | 01790cam a2200277 4500 |
| 001 - CONTROL NUMBER | |
| control field | ABS68018 |
| 008 - FIXED-LENGTH DATA ELEMENTS--GENERAL INFORMATION | |
| fixed length control field | 040716n2004 000 0 eng u |
| 035 ## - SYSTEM CONTROL NUMBER | |
| System control number | (Sirsi) u126817 |
| 245 ## - TITLE STATEMENT | |
| Title | Westminster Building Co Ltd v Andrew Beckingham |
| 260 ## - PUBLICATION, DISTRIBUTION, ETC. | |
| Date of publication, distribution, etc. | 2004 |
| 490 ## - SERIES STATEMENT | |
| Series statement | Building Law Reports |
| Volume/sequential designation | [2004] BLR 163-171(9) |
| 520 ## - SUMMARY, ETC. | |
| Summary, etc. | [2004] EWHC 138 (TCC), 20 February 2004. Westminster (W) entered into a contract with Beckingham (B) for the refurbishment of a property. After the works commenced a dispute arose as to the form of contract. W maintained that JCT standard terms and an adjudication procedure had been incorporated into the contract. B did not pay on interim certificates, claiming a term in the contract capped the amount he was required to pay. W took thematter to adjudication, relying on the standard terms. Adjudicator ruled in favour of W, but B did not comply. "Held": adjudicator judged B had seen the form containing the standard terms, and although he did not sign it, he did not object to its contents; B had no grounds for challenging the adjudicators decision. View judgment at www.bailli.org. |
| 590 ## - LOCAL NOTE (RLIN) | |
| Local note | ABS |
| 590 ## - LOCAL NOTE (RLIN) | |
| Local note | ABS |
| 650 ## - SUBJECT ADDED ENTRY--TOPICAL TERM | |
| Topical term or geographic name entry element | ADJUDICATION |
| 650 ## - SUBJECT ADDED ENTRY--TOPICAL TERM | |
| Topical term or geographic name entry element | MANAGEMENT-DISPUTE AVOIDANCE, MANAGEMENT AND RESOLUTION-DISPUTE MANAGEMENT AND RESOLUTION-ARBITRATION |
| 650 ## - SUBJECT ADDED ENTRY--TOPICAL TERM | |
| Topical term or geographic name entry element | JCT CONTRACTS |
| 650 ## - SUBJECT ADDED ENTRY--TOPICAL TERM | |
| Topical term or geographic name entry element | ARBITRATION PROCEDURES |
| 650 ## - SUBJECT ADDED ENTRY--TOPICAL TERM | |
| Topical term or geographic name entry element | UNFAIR TERMS IN CONSUMER CONTRACTS REGULATIONS 1999 |
| 650 ## - SUBJECT ADDED ENTRY--TOPICAL TERM | |
| Topical term or geographic name entry element | STANDARD TERMS |
| 650 ## - SUBJECT ADDED ENTRY--TOPICAL TERM | |
| Topical term or geographic name entry element | INTERIM CERTIFICATES |
| 690 ## - LOCAL SUBJECT ADDED ENTRY--TOPICAL TERM (OCLC, RLIN) | |
| Topical term or geographic name as entry element | DISPUTE RESOLUTION-CASE LAW |
| 856 ## - ELECTRONIC LOCATION AND ACCESS | |
| Uniform Resource Identifier | <a href="https://www.bailii.org/ew/cases/EWHC/TCC/2004/138.html">https://www.bailii.org/ew/cases/EWHC/TCC/2004/138.html</a> |
| Public note | View judgment on the Bailli website... |
| 856 ## - ELECTRONIC LOCATION AND ACCESS | |
| Uniform Resource Identifier | <a href="https://www.bailii.org/ew/cases/EWHC/TCC/2004/138.html">https://www.bailii.org/ew/cases/EWHC/TCC/2004/138.html</a> |
| Public note | View judgment on the Bailli website... |
| 942 ## - ADDED ENTRY ELEMENTS (KOHA) | |
| Suppress in OPAC | 0 |
| Withdrawn status | Lost status | Source of classification or shelving scheme | Damaged status | Not for loan | Home library | Current library | Shelving location | Date acquired | Total Checkouts | Full call number | Barcode | Date last seen | Copy number | Price effective from | Koha item type |
|---|---|---|---|---|---|---|---|---|---|---|---|---|---|---|---|
| Dewey Decimal Classification | London | London | Journal article | 16/07/2004 | ABS68018 | 126817-1001 | 06/08/2019 | 1 | 06/08/2019 | Journal article |